Plant cell cultures: Results and perspectives. Proceedings of the International workshop on plant cell cultures. 1979, Italy. (Record no. 36590)

MARC details
000 -LEADER
fixed length control field 00662nam a2200205Ia 4500
082 ## - DEWEY DECIMAL CLASSIFICATION NUMBER
Classification number 57.085.23:581(06)
Item number SAL
245 #0 - TITLE STATEMENT
Title Plant cell cultures: Results and perspectives. Proceedings of the International workshop on plant cell cultures. 1979, Italy.
260 ## - PUBLICATION, DISTRIBUTION, ETC. (IMPRINT)
Place of publication Amsterdam
Name of publisher Elsevier
Year of publication 1980
490 ## - SERIES STATEMENT
Series statement Developments in plant biology. 5
650 ## - SUBJECT ADDED ENTRY--TOPICAL TERM
Topical Term Anther culture
650 ## - SUBJECT ADDED ENTRY--TOPICAL TERM
Topical Term Genetic engineering
650 ## - SUBJECT ADDED ENTRY--TOPICAL TERM
Topical Term Germplasm storage
650 ## - SUBJECT ADDED ENTRY--TOPICAL TERM
Topical Term Plant cell culture
650 ## - SUBJECT ADDED ENTRY--TOPICAL TERM
Topical Term Plant propagation
650 ## - SUBJECT ADDED ENTRY--TOPICAL TERM
Topical Term Somatic cell genetics
650 ## - SUBJECT ADDED ENTRY--TOPICAL TERM
Topical Term Tissue culture
700 ## - ADDED ENTRY--PERSONAL NAME
Personal name SALA, F
942 ## - ADDED ENTRY ELEMENTS (KOHA)
Koha item type Books
Holdings
Withdrawn status Lost status Damaged status Not for loan Home library Current library Date acquired Full call number Accession Number Koha item type
        RRII Library RRII Library 16/12/2021 57.085.23:581(06) SAL 16994 Books